| 000 | 00875nam a22002057a 4500 | ||
|---|---|---|---|
| 999 |
_c57154 _d57154 |
||
| 005 | 20240403101845.0 | ||
| 008 | 191206b xxu||||| |||| 00| 0 tur d | ||
| 020 | _a9786058701021x | ||
| 041 | _atur | ||
| 080 | _a811.512.16 Y-40 | ||
| 245 |
_aYedi Iklim Turkce : _bA 2 Ders Kitabı / _cedit : Erol Barin ; Saban Cobanogli. |
||
| 264 |
_aAnkara : _bYurus emre enstitusu, _c2015. |
||
| 300 |
_a187 p; _bill.; +1 CD .; _c29 cm. |
||
| 653 | _aთურქული ენა | ||
| 653 | _aშვიდი კლიმატის თურქული A 2 სახელმძღვანელო | ||
| 653 | _aსახელმძღვანელო და სავარჯიშო რვეული | ||
| 700 |
_aBarin, Erol _eრედაქტორი _95695 |
||
| 700 |
_aCobanogli, Saban _eრედაქტორი _95696 |
||
| 942 |
_2udc _cBK |
||